[Event "IECC CL5-2008.04 email"]
[Site "IECC email"]
[Date "2008.04.06"]
[Round "?"]
[White "Mariani, Danilo"]
[Black "Renze, John"]
[Result "1-0"]
[WhiteElo "1399"]
[BlackElo "1233"]
[PlyCount "33"]
[EventDate "2008.??.??"]
[EventType "tourn (corr)"]
[EventRounds "4"]
[SourceTitle "Corr 2013"]
[Source "ChessBase"]
[SourceDate "2012.11.12"]
[SourceVersion "1"]
[SourceVersionDate "2012.11.12"]
[SourceQuality "1"]
[WhiteTeam "Ireland"]
[BlackTeam "Italy"]
[WhiteTeamCountry "IRL"]
[BlackTeamCountry "ITA"]

1. e4 d5 2. exd5 Qxd5 3. Nc3 Qa5 4. d4 Nf6 5. Nf3 Bg4 6. h3 Bh5 7. g4 Bg6 8. b4 Qxb4 9. Bd2 Qd6 10. Rb1 Nd5 11. Bg2 Nxc3 12. Bxc3 Be4 13. 0-0 Qc6 14. Ne5 Qxc3 15. Bxe4 Nc6 16. Rb3 Qxd4 17. Bxc6+ 1-0

[Event "IECC CL7-2007.12 email"]
[Site "IECC email"]
[Date "2007.10.31"]
[Round "?"]
[White "Buckle, Rod"]
[Black "Renze, John"]
[Result "1-0"]
[WhiteElo "1189"]
[BlackElo "1224"]
[PlyCount "69"]
[EventDate "2007.??.??"]
[EventType "tourn (corr)"]
[EventRounds "4"]
[SourceTitle "Corr 2020"]
[Source "ChessBase"]
[SourceDate "2019.09.30"]
[SourceVersion "1"]
[SourceVersionDate "2019.09.30"]
[SourceQuality "1"]
[WhiteTeam "England"]
[BlackTeam "United States"]
[WhiteTeamCountry "ENG"]
[BlackTeamCountry "USA"]

1. e4 d5 2. exd5 Qxd5 3. Nc3 Qa5 4. Nf3 Bg4 5. Bb5+ c6 6. Be2 Nf6 7. 0-0 e6 8. h3 h5 9. d3 Bd6 10. Ne4 Nxe4 11. dxe4 Bxf3 12. Bxf3 Bc7 13. Qd4 Qe5 14. Rd1 Qxd4 15. Rxd4 Nd7 16. Bg5 f6 17. Rad1 0-0-0 18. Be3 g6 19. R4d3 Bb6 20. Bxb6 Nxb6 21. Be2 Rxd3 22. Rxd3 Kc7 23. Rg3 g5 24. e5 h4 25. Rg4 Nd5 26. exf6 Nxf6 27. Rxg5 Kd6 28. Rg7 Nd7 29. Bd3 Rf8 30. g3 hxg3 31. fxg3 b5 32. h4 a5 33. h5 Ne5 34. h6 Rh8 35. h7 1-0

[Event "IECC CL7-2007.09 email"]
[Site "IECC email"]
[Date "2007.07.24"]
[Round "?"]
[White "Richard, Andy"]
[Black "Renze, John"]
[Result "1-0"]
[WhiteElo "1122"]
[BlackElo "1153"]
[PlyCount "59"]
[EventDate "2007.??.??"]
[EventType "tourn (corr)"]
[EventRounds "4"]
[SourceTitle "Corr 2011"]
[Source "ChessBase"]
[SourceDate "2010.08.31"]
[SourceVersion "1"]
[SourceVersionDate "2010.08.31"]
[SourceQuality "1"]
[WhiteTeam "Italy"]
[BlackTeam "Chile"]
[WhiteTeamCountry "ITA"]
[BlackTeamCountry "CHI"]

1. f4 e5 2. fxe5 d6 3. exd6 Bxd6 4. Nf3 g5 5. g3 g4 6. Nh4 Ne7 7. d4 Ng6 8. Nxg6 hxg6 9. Qd3 Nc6 10. c3 Bf5 11. e4 Qe7 12. Bg2 0-0-0 13. Be3 Rde8 14. Bf2 Bxe4 15. Bxe4 Qxe4+ 16. Qxe4 Rxe4+ 17. Kf1 f5 18. Nd2 Re7 19. Nc4 Kd7 20. Re1 Rhe8 21. Rxe7+ Bxe7 22. d5 Nd8 23. h3 gxh3 24. Rxh3 a6 25. Ne5+ Kd6 26. Nxg6 Kxd5 27. g4 Ke6 28. Re3+ Kf6 29. Nxe7 Rxe7 30. Bh4+ 1-0

[Event "IECC CL7-2006.05 email"]
[Site "IECC email"]
[Date "2006.03.21"]
[Round "?"]
[White "Ballueder, Volker"]
[Black "Renze, John"]
[Result "0-1"]
[WhiteElo "1006"]
[BlackElo "1076"]
[PlyCount "74"]
[EventDate "2006.??.??"]
[EventType "tourn (corr)"]
[EventRounds "4"]
[SourceTitle "Corr 2020"]
[Source "ChessBase"]
[SourceDate "2019.09.30"]
[SourceVersion "1"]
[SourceVersionDate "2019.09.30"]
[SourceQuality "1"]
[WhiteTeam "England"]
[BlackTeam "United States"]
[WhiteTeamCountry "ENG"]
[BlackTeamCountry "USA"]

1. e4 d5 2. exd5 Qxd5 3. Nc3 Qa5 4. d4 Nf6 5. Bd2 c6 6. Nf3 Bf5 7. Bc4 e6 8. 0-0 Nbd7 9. Ne4 Qc7 10. Nxf6+ Nxf6 11. Ne5 Bd6 12. Bf4 0-0 13. Re1 Nd5 14. Bxd5 cxd5 15. g3 Qxc2 16. Qxc2 Bxc2 17. Nd7 Rfd8 18. Ne5 Rac8 19. Rac1 Ba4 20. Rxc8 Rxc8 21. Nd7 Bxf4 22. gxf4 Bxd7 23. h3 Rc2 24. Rb1 Bb5 25. a3 h6 26. b4 Rd2 27. Rc1 Bc4 28. Kg2 Rxd4 29. Kf3 Rd3+ 30. Kg2 Rxa3 31. Rb1 Rb3 32. Ra1 a6 33. Ra5 Bb5 34. Ra2 Rxb4 35. Rc2 Bc4 36. Rc3 a5 37. f3 a4 0-1

[Event "IECC CL7-2006.05 email"]
[Site "IECC email"]
[Date "2006.03.21"]
[Round "?"]
[White "Renze, John"]
[Black "Simmons, Ernest"]
[Result "1-0"]
[WhiteElo "1064"]
[BlackElo "997"]
[PlyCount "45"]
[EventDate "2006.??.??"]
[EventType "tourn (corr)"]
[EventRounds "4"]
[SourceTitle "Corr 2020"]
[Source "ChessBase"]
[SourceDate "2019.09.30"]
[SourceVersion "1"]
[SourceVersionDate "2019.09.30"]
[SourceQuality "1"]
[WhiteTeam "United States"]
[BlackTeam "United States"]
[WhiteTeamCountry "USA"]
[BlackTeamCountry "USA"]

1. d4 Nf6 2. Nf3 e6 3. e3 b6 4. Bd3 Bb7 5. 0-0 Be7 6. Nbd2 0-0 7. Re1 d6 8. c4 c5 9. b3 Re8 10. Bb2 Nbd7 11. e4 e5 12. dxe5 dxe5 13. Bc2 Bd6 14. Nb1 Qc7 15. Nc3 Bc6 16. Nd5 Qb8 17. Qd2 h6 18. Rad1 Re6 19. Nh4 a6 20. Nf5 Bf8 21. Qe3 b5 22. f4 Qc7 23. Nxc7 1-0

[Event "IECC CL7-2005.14 email"]
[Site "IECC email"]
[Date "2005.09.21"]
[Round "?"]
[White "Simmons, Ernest"]
[Black "Renze, John"]
[Result "0-1"]
[WhiteElo "1048"]
[BlackElo "1061"]
[PlyCount "78"]
[EventDate "2005.??.??"]
[EventType "tourn (corr)"]
[EventRounds "4"]
[SourceTitle "Corr 2008"]
[Source "ChessBase"]
[SourceDate "2008.06.24"]
[SourceVersion "1"]
[SourceVersionDate "2008.06.24"]
[SourceQuality "1"]

1. Nf3 Nf6 2. d4 d5 3. c4 dxc4 4. Nc3 e6 5. e3 c5 6. Bxc4 a6 7. dxc5 Qxd1+ 8. Nxd1 Bxc5 9. 0-0 b5 10. Bd3 Bb7 11. Be2 0-0 12. a3 Rd8 13. Nc3 Nc6 14. Rd1 Rxd1+ 15. Bxd1 Rd8 16. b4 Bb6 17. Bb2 Ne7 18. Be2 Ned5 19. Rd1 Rc8 20. Rc1 Nxe3 21. Nd1 Rxc1 22. Bxc1 Neg4 23. h3 Nxf2 24. Kf1 Nxd1 25. Bxd1 Ne4 26. Ke2 Nc3+ 27. Kd2 Nxd1 28. Kxd1 Bxf3+ 29. gxf3 Kf8 30. Kc2 Ke7 31. Kc3 Kd6 32. Bf4+ Kd5 33. Kd3 e5 34. Bg5 f5 35. Be7 e4+ 36. fxe4+ fxe4+ 37. Ke2 Kc4 38. Bg5 Kb3 39. Bd2 Kxa3 0-1

[Event "IECC P email"]
[Site "IECC email"]
[Date "2002.07.03"]
[Round "?"]
[White "Renze, John"]
[Black "Fernandez, Fernando Mor"]
[Result "0-1"]
[WhiteElo "1027"]
[BlackElo "1371"]
[PlyCount "122"]
[EventDate "2002.??.??"]
[EventType "tourn (corr)"]
[EventRounds "6"]
[SourceTitle "Corr 2008"]
[Source "ChessBase"]
[SourceDate "2008.06.24"]
[SourceVersion "1"]
[SourceVersionDate "2008.06.24"]
[SourceQuality "1"]

1. e4 d5 2. exd5 Nf6 3. Bb5+ Bd7 4. Be2 Nxd5 5. d4 Bf5 6. Nf3 e6 7. 0-0 Be7 8. a3 0-0 9. c4 Nb6 10. Nc3 Bf6 11. h3 Nc6 12. Be3 Qd7 13. b4 Rad8 14. Qb3 Nxd4 15. Bxd4 Bxd4 16. Rad1 e5 17. Nb5 Qe6 18. Nxc7 Qg6 19. Nh4 Bc2 20. Qa2 Qe4 21. Rc1 Qxe2 22. Rxc2 Qe4 23. Nf3 a6 24. c5 Na4 25. Ng5 Qc6 26. Nce6 fxe6 27. Nxe6 Kh8 28. Nxd8 Rxd8 29. Qb3 Rf8 30. Kh1 Qb5 31. Rfc1 h6 32. c6 bxc6 33. Rxc6 Nb6 34. a4 Qxa4 35. Qxa4 Nxa4 36. Rxa6 Nb2 37. f3 Rb8 38. Rc7 Rxb4 39. Rg6 e4 40. fxe4 Nd3 41. Re6 Rb1+ 42. Kh2 Be5+ 43. Rxe5 Nxe5 44. Rc8+ Kh7 45. Re8 Nc4 46. e5 Re1 47. e6 Nd6 48. Re7 Kg6 49. Kg3 Kf6 50. Ra7 Rxe6 51. Kf3 Nf5 52. g4 Nd4+ 53. Kf4 g5+ 54. Kg3 Re3+ 55. Kg2 Ne6 56. Ra6 Rd3 57. Kh2 Ke5 58. Ra5+ Ke4 59. Ra6 Nf4 60. Ra4+ Kf3 61. Ra2 Re3 0-1

[Event "IECC O email"]
[Site "IECC email"]
[Date "2002.01.08"]
[Round "?"]
[White "Renze, John"]
[Black "Varas, Pablo"]
[Result "0-1"]
[WhiteElo "996"]
[BlackElo "1079"]
[PlyCount "72"]
[EventDate "2002.??.??"]
[EventType "tourn (corr)"]
[EventRounds "6"]
[SourceTitle "Corr 2008"]
[Source "ChessBase"]
[SourceDate "2008.06.24"]
[SourceVersion "1"]
[SourceVersionDate "2008.06.24"]
[SourceQuality "1"]

1. e4 c5 2. Nf3 Nc6 3. Bb5 e6 4. 0-0 d5 5. exd5 exd5 6. Re1+ Be7 7. d4 cxd4 8. Nxd4 Bd7 9. Nc3 Nf6 10. Nf3 a6 11. Ba4 b5 12. Bb3 Be6 13. Bg5 0-0 14. Rb1 d4 15. Bxe6 dxc3 16. Bb3 cxb2 17. Rxb2 Bb4 18. Rf1 Bc3 19. Rb1 Re8 20. Bd2 Bxd2 21. Qxd2 Qxd2 22. Nxd2 Nd4 23. Rfe1 Rad8 24. Rbd1 a5 25. a4 Ne2+ 26. Kf1 Nc3 27. Rxe8+ Nxe8 28. Re1 bxa4 29. Bc4 Nd6 30. Be2 a3 31. Nb3 a4 32. Na1 Nxe2 33. Rxe2 Nc4 34. Ke1 f5 35. f4 Kf7 36. g3 Kf6 0-1